| 000 | 00615nam a2200241Ia 4500 | ||
|---|---|---|---|
| 008 | 180523s9999 xx 000 0 und d | ||
| 020 | _a981-265-513-1 | ||
| 050 | _aMAIN TX 911.3 | ||
| 050 | _b.F75I86 2005 c.2 | ||
| 100 | _aIsmail, Ahmed. | ||
| 245 | 0 | _aFront office : | |
| 245 | 0 | _boperations and management / | |
| 245 | 0 | _cAhmed Ismail. | |
| 260 | _aSingapore : | ||
| 260 | _bThomson Learning, | ||
| 260 | _c2005 | ||
| 300 | _a355 pages : | ||
| 300 | _billustrations ; | ||
| 300 | _c24 cm. | ||
| 500 | _aIncludes index. | ||
| 650 | _aHotel front desk personnel. | ||
| 650 | _xHotel management. | ||
| 999 |
_c357750 _d357750 |
||